header

50 companies that changed the world (Record no. 835)

MARC details
000 -LEADER
fixed length control field 01475nam a22003374a 4500
082 04 - DEWEY DECIMAL CLASSIFICATION NUMBER
Classification number 338.7
100 1# - MAIN ENTRY--AUTHOR NAME
Personal name Rothman, Howard.
245 10 - TITLE STATEMENT
Title 50 companies that changed the world
260 ## - PUBLICATION, DISTRIBUTION, ETC. (IMPRINT)
Place of publication Franklin Lakes, NJ :
Name of publisher Career Press,
Year of publication c2001.
300 ## - PHYSICAL DESCRIPTION
Number of Pages 253 p.
650 #0 - SUBJECT ADDED ENTRY--TOPICAL TERM
Topical Term Organizational effectiveness
Topical Term Organizational effectiveness
Topical Term Success in business
Topical Term Success in business
856 40 - ELECTRONIC LOCATION AND ACCESS
Uniform Resource Identifier http://site.ebrary.com/lib/rucke/Doc?id=10006969

No items available.

© 2026 Rongo University
Contact us: librarian | system librarian | Rongo university